[Event "BCF-chT2 2425 (4NCL)"]
[Site "England"]
[Date "2024.11.24"]
[Round "2.34"]
[White "Bradbury, Neil H"]
[Black "Gayson, Peter"]
[Result "1/2-1/2"]
[WhiteElo "2149"]
[BlackElo "2087"]
[PlyCount "58"]
[EventDate "2024.11.23"]
[EventType "team-tourn"]
[EventRounds "11"]
[EventCountry "ENG"]
[SourceTitle "CB48_2024"]
[SourceDate "2024.11.28"]
[SourceVersion "1"]
[SourceVersionDate "2024.11.28"]
[SourceQuality "1"]
[WhiteTeam "The ADS"]
[BlackTeam "Chessable White Rose II"]
[WhiteTeamCountry "ENG"]
[BlackTeamCountry "ENG"]

1. d4 f5 2. Bg5 g6 3. e3 Bg7 4. c3 Nf6 5. Nd2 0-0 6. Bc4+ d5 7. Bxf6 Bxf6 8. Bb3 Nc6 9. f4 b6 10. Ngf3 Na5 11. 0-0 Ba6 12. Re1 Bd3 13. e4 Nxb3 14. Qxb3 fxe4 15. Nxe4 Bc4 16. Nxf6+ exf6 17. Qc2 Qd6 18. f5 g5 19. Re6 Qf4 20. Rae1 Bb5 21. Nd2 Bd7 22. Rf1 Qg4 23. h3 Qg3 24. Rf3 Qh4 25. Re7 Rf7 26. Ree3 Re8 27. Rxe8+ Bxe8 28. Nf1 Re7 29. Qf2 Qxf2+ 1/2-1/2

[Event "BCF-chT3W 2324 (4NCL)"]
[Site "England"]
[Date "2024.05.06"]
[Round "11.31"]
[White "Gayson, Peter"]
[Black "Brackmann, Hendrik"]
[Result "0-1"]
[WhiteElo "2131"]
[BlackElo "2062"]
[PlyCount "76"]
[EventDate "2023.11.18"]
[EventType "team-tourn"]
[EventRounds "11"]
[EventCountry "ENG"]
[SourceTitle "EXT 2025"]
[Source "ChessBase"]
[SourceDate "2024.10.14"]
[SourceVersion "1"]
[SourceVersionDate "2024.10.14"]
[SourceQuality "1"]
[WhiteTeam "Chessable White Rose III"]
[BlackTeam "Oxford II"]
[WhiteTeamCountry "ENG"]
[BlackTeamCountry "ENG"]

1. e4 c5 2. Nf3 Nc6 3. d4 cxd4 4. Nxd4 e5 5. Nb5 d6 6. N1c3 a6 7. Na3 Be7 8. Nc4 b5 9. Ne3 Nf6 10. Ned5 0-0 11. Be3 Nxd5 12. Nxd5 Rb8 13. Be2 Bg5 14. 0-0 Bxe3 15. Nxe3 Nd4 16. c3 Nxe2+ 17. Qxe2 Bb7 18. f3 g6 19. Rfd1 f5 20. Nd5 Rf7 21. Rd2 Qg5 22. Rad1 Rbf8 23. exf5 gxf5 24. Qe3 f4 25. Qb6 Qg6 26. Re2 Kh8 27. Kh1 Rg7 28. Nc7 Bc8 29. Nxa6 e4 30. fxe4 f3 31. gxf3 Rxf3 32. Nb4 Bh3 33. Nd3 Bg2+ 34. Kg1 Bf1+ 35. Kh1 Bxe2 36. Rg1 Rf1 37. Qb8+ Rg8 38. Qxg8+ Qxg8 0-1

[Event "BCF-chT3W 2324 (4NCL)"]
[Site "England"]
[Date "2024.05.04"]
[Round "9.51"]
[White "Gayson, Peter"]
[Black "Muetsch, Annmarie"]
[Result "1/2-1/2"]
[WhiteElo "2131"]
[BlackElo "2283"]
[PlyCount "47"]
[EventDate "2023.11.18"]
[EventType "team-tourn"]
[EventRounds "11"]
[EventCountry "ENG"]
[SourceTitle "EXT 2025"]
[Source "ChessBase"]
[SourceDate "2024.10.14"]
[SourceVersion "1"]
[SourceVersionDate "2024.10.14"]
[SourceQuality "1"]
[WhiteTeam "Chessable White Rose III"]
[BlackTeam "She Plays To Win Lionesses"]
[WhiteTeamCountry "ENG"]
[BlackTeamCountry "ENG"]

1. e4 d6 2. d4 Nf6 3. Nc3 e5 4. dxe5 dxe5 5. Qxd8+ Kxd8 6. Bg5 Be6 7. 0-0-0+ Kc8 8. f4 exf4 9. Nf3 Bb4 10. Bxf6 gxf6 11. Nd5 Bc5 12. Kb1 c6 13. Nxf4 Nd7 14. Nd4 Bxd4 15. Rxd4 Kc7 16. Be2 a5 17. Rf1 Rhg8 18. g3 a4 19. a3 Ra5 20. Kc1 Rgg5 21. Rfd1 Nc5 22. Rf1 Nd7 23. Rfd1 Nc5 24. Rf1 1/2-1/2

[Event "BCF-chT 2324 (4NCL)"]
[Site "England"]
[Date "2024.02.11"]
[Round "6.6"]
[White "Gayson, Peter"]
[Black "Arora, Tashika"]
[Result "1/2-1/2"]
[WhiteElo "2142"]
[BlackElo "1964"]
[PlyCount "100"]
[EventDate "2023.11.11"]
[EventType "team-tourn"]
[EventRounds "11"]
[EventCountry "ENG"]
[SourceTitle "CBM 219 Extra"]
[Source "ChessBase"]
[SourceDate "2024.05.31"]
[SourceVersion "1"]
[SourceVersionDate "2024.05.31"]
[SourceQuality "1"]
[WhiteTeam "Chessable White Rose II"]
[BlackTeam "Oxford"]
[WhiteTeamCountry "ENG"]
[BlackTeamCountry "ENG"]

1. e4 e5 2. Nf3 Nc6 3. d4 exd4 4. Bc4 Nf6 5. 0-0 d6 6. Nxd4 Be7 7. Nc3 0-0 8. f4 Nxd4 9. Qxd4 c6 10. Kh1 Kh8 11. Be3 Ng4 12. Bg1 f5 13. Rad1 fxe4 14. Nxe4 d5 15. h3 Nh6 16. Ng5 Nf5 17. Qf2 Nd6 18. Qh4 h6 19. Bd3 Bf5 20. Qh5 Kg8 21. Nf3 Bxd3 22. cxd3 Rxf4 23. Nd4 Rxf1 24. Rxf1 Bf6 25. Qg4 Qe7 26. Bh2 Bxd4 27. Qxd4 Re8 28. Bxd6 Qxd6 29. Qxa7 Qb4 30. Qf2 Rf8 31. Qxf8+ Qxf8 32. Rxf8+ Kxf8 33. g3 Ke7 34. d4 Kd6 35. b4 b5 36. Kg2 Ke6 37. Kf3 Kf6 38. Kg4 g5 39. Kh5 Kg7 40. h4 gxh4 41. Kxh4 Kg6 42. g4 Kg7 43. Kh5 Kh7 44. g5 hxg5 45. Kxg5 Kg7 46. Kf5 Kf7 47. Ke5 Ke7 48. a3 Kd7 49. Kf6 Kd6 50. Kf7 Kd7 1/2-1/2

[Event "BCF-chT3W 2324 (4NCL)"]
[Site "England"]
[Date "2024.01.07"]
[Round "4.21"]
[White "Gayson, Peter"]
[Black "Salmons, Calum"]
[Result "0-1"]
[WhiteElo "2131"]
[BlackElo "1974"]
[PlyCount "82"]
[EventDate "2023.11.18"]
[EventType "team-tourn"]
[EventRounds "11"]
[EventCountry "ENG"]
[SourceTitle "EXT 2025"]
[Source "ChessBase"]
[SourceDate "2024.10.14"]
[SourceVersion "1"]
[SourceVersionDate "2024.10.14"]
[SourceQuality "1"]
[WhiteTeam "Chessable White Rose III"]
[BlackTeam "Sussex Martlets III"]
[WhiteTeamCountry "ENG"]
[BlackTeamCountry "ENG"]

1. e4 c5 2. Nf3 d6 3. d4 cxd4 4. Nxd4 Nf6 5. Nc3 g6 6. f4 Nc6 7. Be2 Bg7 8. Be3 0-0 9. Nb3 a6 10. a4 Be6 11. 0-0 Rc8 12. Kh1 Na5 13. Nxa5 Qxa5 14. Bf3 Qb4 15. Rb1 Rfd8 16. h3 Bd7 17. e5 dxe5 18. fxe5 Bc6 19. Qe2 Ne4 20. Bxe4 Bxe4 21. e6 f5 22. Bg5 Bxc3 23. bxc3 Qxc3 24. Rf2 Qxh3+ 25. Kg1 Qa3 26. Rd1 Rd6 27. c4 Rxe6 28. Bh6 Qxa4 29. Rd2 Qa1+ 30. Rf1 Qf6 31. Rfd1 Rd6 32. c5 Rxc5 33. Bf4 Rxd2 34. Qxd2 Rd5 35. Qa2 Qf7 36. Qa1 Rxd1+ 37. Qxd1 Qd5 38. Qc1 Qa2 39. Qc8+ Kf7 40. Kf1 Bxg2+ 41. Ke1 Qe6+ 0-1

[Event "Newcastle Northumbria Masters"]
[Site "Newcastle on Tyne"]
[Date "2021.08.30"]
[Round "8"]
[White "Gayson, Peter"]
[Black "Kett, Timothy"]
[Result "1/2-1/2"]
[WhiteElo "2150"]
[BlackElo "2167"]
[PlyCount "61"]
[EventDate "2021.08.26"]
[EventType "swiss"]
[EventRounds "9"]
[EventCountry "ENG"]
[SourceTitle "CBM 204 Extra"]
[Source "ChessBase"]
[SourceDate "2021.11.30"]
[SourceVersion "1"]
[SourceVersionDate "2021.11.30"]
[SourceQuality "1"]

1. e4 e5 2. Bc4 Nf6 3. d4 exd4 4. Nf3 Nc6 5. 0-0 Nxe4 6. Re1 d5 7. Bxd5 Qxd5 8. Nc3 Qd7 9. Nxe4 Be7 10. Bg5 0-0 11. Bxe7 Qxe7 12. Nxd4 Bd7 13. Nb3 Bf5 14. Qf3 Bg6 15. Nec5 Qg5 16. Qc3 Rfe8 17. Nxb7 Ne5 18. Rad1 Bh5 19. f4 Qxf4 20. Rd4 Qg5 21. Rf1 Ng4 22. Qd2 Qe5 23. Qf4 Qxf4 24. Rdxf4 Re2 25. h3 Ne3 26. R1f2 Re1+ 27. Kh2 f6 28. N7c5 Bg6 29. Nd3 Rd1 30. Nbc5 Re8 31. Ra4 1/2-1/2

[Event "Newcastle Northumbria Masters"]
[Site "Newcastle on Tyne"]
[Date "2021.08.28"]
[Round "5"]
[White "Martyn, Rafe"]
[Black "Gayson, Peter"]
[Result "0-1"]
[WhiteElo "2242"]
[BlackElo "2150"]
[PlyCount "126"]
[EventDate "2021.08.26"]
[EventType "swiss"]
[EventRounds "9"]
[EventCountry "ENG"]
[SourceTitle "CBM 204 Extra"]
[Source "ChessBase"]
[SourceDate "2021.11.30"]
[SourceVersion "1"]
[SourceVersionDate "2021.11.30"]
[SourceQuality "1"]

1. d4 f5 2. g3 g6 3. Bg2 Bg7 4. c3 Nf6 5. Qb3 d5 6. Nh3 0-0 7. Nf4 e6 8. c4 Nc6 9. cxd5 Nxd4 10. Qc4 Nxd5 11. Nxd5 exd5 12. Bxd5+ Kh8 13. Na3 c6 14. Bg2 Re8 15. e3 Be6 16. Qa4 Bd5 17. 0-0 Ne2+ 18. Kh1 Bxg2+ 19. Kxg2 Qd5+ 20. f3 Nxc1 21. Raxc1 Rxe3 22. Qc2 Rae8 23. Rf2 Rd3 24. Qc4 Re2 25. Qxd5 Rxf2+ 26. Kxf2 Rxd5 27. Rc2 Bd4+ 28. Ke2 Kg7 29. b3 Kf6 30. Rc4 Bg1 31. Rh4 Ra5 32. Kf1 Rxa3 33. Kxg1 h5 34. Rb4 b5 35. Rd4 Rxa2 36. Rd6+ Ke5 37. Rxc6 Kd4 38. h3 Ra3 39. Rxg6 a5 40. Ra6 Ke3 41. g4 hxg4 42. hxg4 f4 43. Kg2 Ra2+ 44. Kh3 Kxf3 45. g5 Ra1 46. Kh2 Ra2+ 47. Kh3 Rg2 48. g6 Rg1 49. Kh2 Rg5 50. Rxa5 Ke3 51. g7 f3 52. Rxb5 Rxg7 53. Re5+ Kf2 54. Rh5 Ke2 55. Re5+ Kf1 56. Rh5 f2 57. b4 Rg2+ 58. Kh1 Rg1+ 59. Kh2 Ke2 60. Re5+ Kd3 61. Rd5+ Kc4 62. Rc5+ Kxb4 63. Rc2 f1R 0-1

[Event "BCF-chT2a 1920 (4NCL)"]
[Site "Daventry"]
[Date "2020.02.08"]
[Round "5.22"]
[White "Gayson, Peter"]
[Black "Cumming, Rhys"]
[Result "0-1"]
[WhiteElo "2140"]
[BlackElo "2289"]
[PlyCount "116"]
[EventDate "2020.01.11"]
[EventType "team-tourn"]
[EventRounds "11"]
[EventCountry "ENG"]
[SourceTitle "CBM 194 Extra"]
[Source "ChessBase"]
[SourceDate "2020.03.31"]
[SourceVersion "1"]
[SourceVersionDate "2020.03.31"]
[SourceQuality "1"]
[WhiteTeam "Chessable White Rose II"]
[BlackTeam "Sussex Martlets"]
[WhiteTeamCountry "ENG"]
[BlackTeamCountry "ENG"]

1. e4 e5 2. Bc4 Nf6 3. d4 exd4 4. Nf3 Nc6 5. 0-0 Nxe4 6. Re1 d5 7. Bxd5 Qxd5 8. Nc3 Qd7 9. Nxe4 Be7 10. Bg5 0-0 11. Bxe7 Qxe7 12. Nxd4 Bd7 13. Nb3 Rae8 14. Qd2 Bc8 15. Nc3 Qf6 16. Rxe8 Rxe8 17. Re1 Rd8 18. Qe3 h6 19. h3 Bf5 20. Re2 Qg6 21. Ne4 Rd1+ 22. Kh2 Rb1 23. Ng3 Rxb2 24. Nd4 Bd7 25. Qf4 Qd6 26. Qxd6 cxd6 27. Ndf5 Rxa2 28. Nxd6 Rb2 29. Nge4 b6 30. Nc4 Rb4 31. Ned6 Be6 32. Ne5 Nxe5 33. Rxe5 a5 34. Rb5 Rxb5 35. Nxb5 Kf8 36. Kg3 Ke7 37. Kf4 Bc4 38. Na3 Bf1 39. g3 b5 40. c3 b4 41. cxb4 axb4 42. Nc2 b3 43. Na3 Bxh3 44. Ke5 Be6 45. Kd4 g5 46. Kc3 h5 47. Nb5 h4 48. Nd4 h3 49. Nf3 g4 50. Nh2 f5 51. Kb2 Kd6 52. Kc3 Kc5 53. Nf1 Kb5 54. Nh2 Ka4 55. Kb2 Kb4 56. f3 Kc4 57. fxg4 fxg4 58. Nf1 Kd3 0-1

[Event "Wch Seniors 50 29th"]
[Site "Bucharest"]
[Date "2019.11.19"]
[Round "7"]
[White "Gayson, Peter"]
[Black "Syrchikov, Alexander"]
[Result "1/2-1/2"]
[WhiteElo "2075"]
[BlackElo "2246"]
[PlyCount "77"]
[EventDate "2019.11.12"]
[EventType "swiss"]
[EventRounds "11"]
[EventCountry "ROU"]
[SourceTitle "CBM 193 Extra"]
[Source "ChessBase"]
[SourceDate "2020.01.31"]
[SourceVersion "1"]
[SourceVersionDate "2020.01.31"]
[SourceQuality "1"]

1. e4 c5 2. Nf3 d6 3. d4 cxd4 4. Nxd4 Nf6 5. Nc3 g6 6. f4 Nbd7 7. Be2 Bg7 8. Be3 a6 9. 0-0 0-0 10. Kh1 Qc7 11. Nb3 b5 12. Bf3 Bb7 13. a3 Rad8 14. Qe2 Nc5 15. Nxc5 dxc5 16. Qf2 Nd7 17. e5 Rc8 18. Rad1 b4 19. Nd5 Bxd5 20. Rxd5 e6 21. Rd6 Nb8 22. Rfd1 Rfe8 23. c4 bxc3 24. bxc3 Bf8 25. R6d3 Qa5 26. c4 Nc6 27. h3 Be7 28. Bxc6 Rxc6 29. Rb3 Qa4 30. Qb2 Rb6 31. Rxb6 Qxd1+ 32. Kh2 Qd3 33. Qb3 Rd8 34. Rb8 Qd7 35. Qb6 Rxb8 36. Qxb8+ Kg7 37. Qb6 Qd3 38. Bxc5 Bh4 39. Bf2 1/2-1/2

[Event "Wch Seniors 50 29th"]
[Site "Bucharest"]
[Date "2019.11.16"]
[Round "5"]
[White "Gayson, Peter"]
[Black "Kostiukov, Alexandr"]
[Result "1/2-1/2"]
[WhiteElo "2075"]
[BlackElo "2289"]
[PlyCount "158"]
[EventDate "2019.11.12"]
[EventType "swiss"]
[EventRounds "11"]
[EventCountry "ROU"]
[SourceTitle "CBM 193 Extra"]
[Source "ChessBase"]
[SourceDate "2020.01.31"]
[SourceVersion "1"]
[SourceVersionDate "2020.01.31"]
[SourceQuality "1"]

1. e4 c5 2. Nf3 Nc6 3. d4 cxd4 4. Nxd4 g6 5. Nc3 Bg7 6. Be3 Nf6 7. Bc4 0-0 8. Bb3 d6 9. f3 Bd7 10. 0-0 a6 11. Nxc6 Bxc6 12. Qd2 b5 13. Bd4 b4 14. Nd5 Nxd5 15. Bxg7 Kxg7 16. Bxd5 Qb6+ 17. Kh1 Bxd5 18. exd5 Rfc8 19. Rfe1 Rc4 20. Rad1 Rac8 21. Rxe7 Rxc2 22. Qf4 Rf8 23. Rd7 Qf2 24. Rg1 Rxb2 25. Rxd6 a5 26. Qf6+ Kg8 27. Rd8 Re2 28. Rxf8+ Kxf8 29. d6 Ke8 30. h3 Re1 31. d7+ Kxd7 32. Qxf7+ Kc6 33. Rxe1 Qxe1+ 34. Kh2 Qe5+ 35. f4 Qf5 36. Qc4+ Kb6 37. h4 h5 38. g3 Qf6 39. Qg8 Qd6 40. Qb3 Qd2+ 41. Kh3 Kc5 42. Qa4 Kb6 43. Qb3 Qe1 44. Kh2 Qe2+ 45. Kh3 Qe4 46. Kh2 Kb5 47. Qg8 Qc2+ 48. Kg1 Ka4 49. Qd5 Qc7 50. Qd1+ Kb5 51. Qd3+ Qc4 52. Qxg6 Qxa2 53. Qe8+ Kc5 54. Qxh5+ Kd4 55. Qe5+ Kd3 56. Qf5+ Ke3 57. Qe5+ Kf3 58. Qh5+ Kxg3 59. Qg5+ Kf3 60. Qh5+ Kxf4 61. Qg5+ Kf3 62. Qf5+ Kg3 63. Qg5+ Kf3 64. h5 Qf2+ 65. Kh1 Qf1+ 66. Kh2 Qe2+ 67. Kh1 Qd1+ 68. Kh2 Qc2+ 69. Kh3 b3 70. Qg4+ Ke3 71. Qg5+ Kd4 72. Qf6+ Ke3 73. Qg5+ Ke2 74. Qg2+ Ke3 75. Qg3+ Ke2 76. Qg2+ Kd1 77. Qg1+ Kd2 78. Qg5+ Kd3 79. Qd5+ Ke3 1/2-1/2

[Event "Newcastle Northumbria Masters"]
[Site "Newcastle on Tyne"]
[Date "2019.08.24"]
[Round "2"]
[White "Gayson, Peter"]
[Black "Pruijssers, Roeland"]
[Result "0-1"]
[WhiteElo "2122"]
[BlackElo "2521"]
[PlyCount "74"]
[EventDate "2019.08.23"]
[EventType "swiss"]
[EventRounds "9"]
[EventCountry "ENG"]
[SourceTitle "EXT 2020"]
[Source "ChessBase"]
[SourceDate "2019.10.17"]
[SourceVersion "1"]
[SourceVersionDate "2019.10.17"]
[SourceQuality "1"]

1. e4 c5 2. Nf3 e6 3. d4 cxd4 4. Nxd4 Nc6 5. Nc3 Qc7 6. Be2 Nf6 7. 0-0 h5 8. Nxc6 bxc6 9. h3 Bc5 10. Kh1 d5 11. Bf3 Ba6 12. Be2 Bb7 13. exd5 cxd5 14. Bb5+ Kf8 15. Be2 Rd8 16. Bg5 d4 17. Bxf6 gxf6 18. Na4 Bxg2+ 19. Kxg2 Qc6+ 20. Bf3 Qxa4 21. Qd3 Qa5 22. Kh1 Qc7 23. Rae1 f5 24. Qd2 Qe7 25. Qf4 Bb6 26. Qe5 Rh7 27. Rg1 Bc7 28. Qe2 Qh4 29. Qf1 Ke7 30. Bc6 Qf4 31. Rg2 Rg7 32. f3 Rxg2 33. Qxg2 Rg8 34. Qf2 Rg3 35. c3 Rxh3+ 36. Kg1 Rh2 37. Qxd4 Qg3+ 0-1

[Event "BCF-chT3N 1819 (4NCL)"]
[Site "England"]
[Date "2019.05.06"]
[Round "11.14"]
[White "Dobson, Graham"]
[Black "Gayson, Peter"]
[Result "1-0"]
[WhiteElo "2012"]
[BlackElo "2125"]
[PlyCount "51"]
[EventDate "2018.11.10"]
[EventType "team-swiss"]
[EventRounds "11"]
[EventCountry "ENG"]
[SourceTitle "EXT 2021"]
[Source "ChessBase"]
[SourceDate "2020.10.23"]
[SourceVersion "1"]
[SourceVersionDate "2020.10.23"]
[SourceQuality "1"]
[WhiteTeam "Manchester Manticores II"]
[BlackTeam "White Rose II"]
[WhiteTeamCountry "ENG"]
[BlackTeamCountry "ENG"]

1. g3 f5 2. Bg2 e5 3. d3 Nf6 4. e4 d5 5. exd5 Nxd5 6. Qe2 Nc6 7. f4 Bc5 8. Nf3 0-0 9. fxe5 f4 10. c3 Bg4 11. d4 Bxd4 12. cxd4 Nxd4 13. Qe4 Bxf3 14. Bxf3 Nb4 15. 0-0 fxg3 16. Nc3 Nbc2 17. Rb1 Rxf3 18. Rxf3 gxh2+ 19. Kh1 Nxf3 20. Qxf3 Qh4 21. Qe4 Qf2 22. Bg5 Rf8 23. e6 Qg3 24. e7 Re8 25. Qc4+ Kh8 26. Qf7 1-0

[Event "BCF-chT3N 1819 (4NCL)"]
[Site "England"]
[Date "2019.05.04"]
[Round "9.15"]
[White "Gayson, Peter"]
[Black "Ye, Kevin"]
[Result "0-1"]
[WhiteElo "2125"]
[BlackElo "1990"]
[PlyCount "76"]
[EventDate "2018.11.10"]
[EventType "team-swiss"]
[EventRounds "11"]
[EventCountry "ENG"]
[SourceTitle "EXT 2021"]
[Source "ChessBase"]
[SourceDate "2020.10.23"]
[SourceVersion "1"]
[SourceVersionDate "2020.10.23"]
[SourceQuality "1"]
[WhiteTeam "White Rose II"]
[BlackTeam "3CS Oldham II"]
[WhiteTeamCountry "ENG"]
[BlackTeamCountry "ENG"]

1. e4 e5 2. Nf3 Nc6 3. Bb5 a6 4. Ba4 Nf6 5. 0-0 Be7 6. Re1 b5 7. Bb3 0-0 8. a4 b4 9. d4 d6 10. h3 Bb7 11. c3 a5 12. Nbd2 h6 13. Nf1 Re8 14. Ng3 Bf8 15. Qd3 Na7 16. Bd2 c5 17. Rad1 Qc7 18. Nh4 Nc6 19. Nhf5 Ne7 20. dxe5 dxe5 21. Bc4 Nxf5 22. Nxf5 Rad8 23. Qf3 Qb6 24. Qg3 Nxe4 25. Rxe4 Bxe4 26. Nxh6+ Kh7 27. Qh4 gxh6 28. Qxe4+ Qg6 29. Qb7 Re7 30. Qf3 Red7 31. Bb3 Rxd2 32. Rxd2 Rxd2 33. Bxf7 Qg5 34. Be6 Qf4 35. Qb7+ Kg6 36. f3 c4 37. Bd5 Bc5+ 38. Kf1 Rd1+ 0-1